Thiết kế bài giảng hình học 11 T.2
Zapisane w:
| 1. autor: | |
|---|---|
| Format: | Książka |
| Język: | Undetermined |
| Wydane: |
H.
Hà Nội
2007
|
| Hasła przedmiotowe: | |
| Dostęp online: | http://lrc.tdmu.edu.vn/opac/search/detail.asp?aID=2&ID=16396 |
| Etykiety: |
Dodaj etykietę
Nie ma etykietki, Dołącz pierwszą etykiete!
|
| Thư viện lưu trữ: | Trung tâm Học liệu Trường Đại học Thủ Dầu Một |
|---|
| LEADER | 00631nam a2200205Ia 4500 | ||
|---|---|---|---|
| 001 | TDMU_16396 | ||
| 008 | 210410s9999 xx 000 0 und d | ||
| 082 | |a 516.072 | ||
| 090 | |b TR121 | ||
| 100 | |a Trần, Vinh | ||
| 245 | 0 | |a Thiết kế bài giảng hình học 11 | |
| 245 | 0 | |c Trần Vinh | |
| 245 | 0 | |n T.2 | |
| 260 | |a H. | ||
| 260 | |b Hà Nội | ||
| 260 | |c 2007 | ||
| 300 | |a 202tr | ||
| 650 | |a Sách lớp 11; Hình học; Thiết kế bài giảng | ||
| 856 | |u http://lrc.tdmu.edu.vn/opac/search/detail.asp?aID=2&ID=16396 | ||
| 980 | |a Trung tâm Học liệu Trường Đại học Thủ Dầu Một | ||